Advances in water pollution research : (Record no. 13931)
[ view plain ]
| 000 -LEADER | |
|---|---|
| fixed length control field | 01449cam a2200337 a 4500 |
| 001 - CONTROL NUMBER | |
| control field | 13931 |
| 003 - CONTROL NUMBER IDENTIFIER | |
| rucl marc code | BD-RjUL |
| 005 - DATE AND TIME OF LATEST TRANSACTION | |
| control field | 20211208235535.0 |
| 008 - FIXED-LENGTH DATA ELEMENTS--GENERAL INFORMATION | |
| fixed length control field | 140203s1971 enkgr a 1 1 a0eng c |
| 035 ## - SYSTEM CONTROL NUMBER | |
| System control number | (BD-RjUL) 13983 |
| -- | (OCoLC)ocm01461273 |
| 040 ## - CATALOGING SOURCE | |
| Original cataloging agency | MnMULS |
| Language of cataloging | eng |
| Transcribing agency | MnMULS |
| Modifying agency | NSDP |
| -- | InU |
| -- | DLC |
| -- | MnMULS |
| -- | OCoLC |
| -- | MH |
| -- | DLC |
| -- | NST |
| -- | OCl |
| -- | CaQQL |
| -- | NIALS |
| -- | OCoLC |
| -- | InU |
| -- | BD-RjUL |
| 041 ## - LANGUAGE CODE | |
| Language code of text/sound track or separate title | eng |
| 060 0# - NATIONAL LIBRARY OF MEDICINE CALL NUMBER | |
| Classification number | W3 AD245 |
| 082 00 - DEWEY DECIMAL CLASSIFICATION NUMBER | |
| Classification number | 628.168 |
| Edition number | 19 |
| Author mark and year | ADV 1971 |
| 245 10 - TITLE STATEMENT | |
| Title | Advances in water pollution research : |
| Remainder of title | Proceedings of the international conference held in / |
| Statement of responsibility, etc. | Edited by S. H. Jenkins. |
| Number of part/section of a work | Volume 1 |
| 260 ## - PUBLICATION, DISTRIBUTION, ETC. (IMPRINT) | |
| Place of publication, distribution, etc. | Oxford ; |
| -- | New York : |
| Name of publisher, distributor, etc. | Symposium Publications Division, Pergamon Press, |
| Date of publication, distribution, etc. | c1971. |
| 300 ## - PHYSICAL DESCRIPTION | |
| Pagination | Various pages : |
| Illustrations | ill. ; |
| Size | 26 cm. |
| 504 ## - BIBLIOGRAPHY, ETC. NOTE | |
| Bibliography, etc | Includes index. |
| 650 #0 - SUBJECT ADDED ENTRY--TOPICAL TERM | |
| Topical term or geographic name as entry element | Water |
| General subdivision | Pollution |
| Form subdivision | Congresses. |
| 9 (RLIN) | 43546 |
| Topical term or geographic name as entry element | Sewage |
| General subdivision | Purification |
| Form subdivision | Congresses. |
| 9 (RLIN) | 43547 |
| Topical term or geographic name as entry element | Eau |
| General subdivision | Pollution |
| Form subdivision | Congrès. |
| 9 (RLIN) | 43548 |
| Topical term or geographic name as entry element | Eaux usées |
| General subdivision | Épuration |
| Form subdivision | Congrès. |
| 9 (RLIN) | 43549 |
| 700 1# - ADDED ENTRY--PERSONAL NAME | |
| Personal name | Jenkins, S. H. |
| 710 2# - ADDED ENTRY--CORPORATE NAME | |
| Corporate name or jurisdiction name as entry element | International Association on Water Pollution Research. |
| 9 (RLIN) | 43551 |
| 776 08 - ADDITIONAL PHYSICAL FORM ENTRY | |
| Relationship information | Online version: |
| Main entry heading | International Conference on Water Pollution Research. |
| Title | Advances in water pollution research |
| Record control number | (OCoLC)646909015 |
| 785 00 - SUCCEEDING ENTRY | |
| Main entry heading | International Conference on Water Pollution Research. |
| Title | Water pollution research |
| Record control number | (OCoLC)3475176 |
| 942 ## - ADDED ENTRY ELEMENTS (KOHA) | |
| Source of classification or shelving scheme | Dewey Decimal Classification |
| Koha item type | Books |
| Lost status | Source of classification or shelving scheme | Damaged status | Not for loan | Collection code | Permanent Location | Current Location | Shelving location | Date acquired | Source of acquisition | Total Checkouts | Full call number | Date last seen | Copy number | Koha item type |
|---|---|---|---|---|---|---|---|---|---|---|---|---|---|---|
| Dewey Decimal Classification | Added to bundle | Non-fiction | Central Library, University of Rajshahi | Central Library, University of Rajshahi | Reading Room | 12/08/1991 | Canada Govt. Gift | 628.168 ADV V-1 1971 | 08/03/2014 | C-1 | Books |